000 00688nam a2200229Ia 4500
003 OSt
005 20241108154244.0
008 210716s2020 xx 000 0 und d
020 _a9789389795004
040 _cAIMIT LIBRARY
041 _aeng
082 _a651.7
_21
_bBHAK
100 _aBhardwaj, Kumkum.
_9184641
245 _aProfessional communication /
_cBy Kumkum Bhardwaj.
250 _a1st ed.
260 _aNew Delhi :
_bWILEY ,
_c2020.
300 _axxv,450p. ;
_bPB
_c24.4 cm
650 _aEnglish grammar and usage
_9184642
650 _aComprehension and composition
_9184643
650 _aApplication of behavioural science
_9184644
942 _2ddc
_cBK
_e1st
_k651.7 BHAK
999 _c211602
_d211602